Humedales I (Registro nro. 21746)
[ vista simple ]
| 000 -ENCABEZADO | |
|---|---|
| Número de control [NR] | 00862nam a2200205Ia 4500 |
| 008 - DE LONGITUD FIJA DE DATOS DE ELEMENTOS - INFORMACIÓN GENERAL | |
| Elementos de longitud fija [NR] | 130821s1994 ck gs spa |
| 040 ## - FUENTE DE CATALOGACION [NR] | |
| Agencia de catalogación original [NR] | Co-BoUCM |
| Idioma de catalogación [NR] | spa |
| 041 00 - CODIGO DE IDIOMA [R] | |
| Código de idioma para texto/pista de sonido o título separado [R] | Español |
| 092 ## - SIGNATURA TOPOGRAFICA LOCAL | |
| Número de clasificación local | CV 0353 |
| 092 ## - SIGNATURA TOPOGRAFICA LOCAL | |
| Número de clasificación local | DVD 1072 |
| 110 1# - ASIENTO PRINCIPAL--NOMBRE CORPORATIVO [NR] | |
| Nombre corporativo o de jurisdicción como elemento de entrada [NR] | Colombia. |
| Unidad subordinada [R] | Ministerio del Medio Ambiente. |
| -- | Departamento Tecnico Administrativo del Medio Ambiente |
| 245 10 - MENCION DE TITULO [NR] | |
| Título [NR] | Humedales I |
| Mención de responsabilidad, etc. [NR] | [videograbación] |
| -- | Ministerio del Medio Ambiente. Departamento Tecnico Administrativo del Medio Ambiente. DAMA |
| 260 ## - PUBLICACION, DISTRIBUCION, ETC. (PIE DE IMPRENTA) [R] | |
| Lugar de publicación, distribución, etc. [R] | Bogotá (Colombia) |
| Nombre del editor, distribuidor, etc. [R] | DAMA |
| Fecha de publicación, distribución, etc. [R] | 1994 |
| 300 ## - DESCRIPCION FISICA [R] | |
| Extensión [R] | 1 videocasete vhs 26 min. |
| Material acompañante [NR] | 1 DVD |
| 500 ## - NOTA GENERAL [R] | |
| Nota general [NR] | Trata de los pantanos del altiplano Cundiboyacense, principal centro de origen de las Aves acuáticas, cuidar los humedales. -- Con: Humedales II |
| 650 04 - ASIENTO SECUNDARIO DE MATERIA - TERMINO TEMATICO [R] | |
| Término temático o nombre geográfico como elemento de entrada [NR] | Humedales |
| 9 (RLIN) | 17078 |
| 650 04 - ASIENTO SECUNDARIO DE MATERIA - TERMINO TEMATICO [R] | |
| Término temático o nombre geográfico como elemento de entrada [NR] | Medio ambiente |
| 9 (RLIN) | 19225 |
| 650 04 - ASIENTO SECUNDARIO DE MATERIA - TERMINO TEMATICO [R] | |
| Término temático o nombre geográfico como elemento de entrada [NR] | Pantanos |
| 9 (RLIN) | 21038 |
| 942 ## - ELEMENTOS DE ENTRADA AGREGADOS (KOHA) | |
| Tipo de ítem principal el descrito en 300a | Multimedia |
| Sistema de clasificación | LOCAL |
| Tema principal | Economía |
| Edición | 1 |
| Fecha de último préstamo | Total préstamos | Código de barras | Última vez visto | Volúmen / Fascículo | Ejemplar | Price effective from | Tipo de ítem | Perdido | Sistema de clasificación | Dañado | No prestable | Tipo de ítem específico | Suprimido | Ubicación habitual | Ubicación actual | Localización | Fecha de creación | Forma de adquisición | Costo |
|---|---|---|---|---|---|---|---|---|---|---|---|---|---|---|---|---|---|---|---|
| 09/07/2012 | 100125572 | 29/08/2023 | DVD 1072 | Ej.2 | 03/02/2013 | Multimedia | DEWEY | DVD | Bodega | Bodega | Préstamo 4 días después de solicitado | 19/02/2013 | Donación | 0.00 | |||||
| 09/07/2012 | 100125571 | 09/12/2025 | DVD 1072 | Ej.1 | 03/02/2013 | Multimedia | LOCAL | Préstamo restringido | DVD | Procesos Técnicos | Procesos Técnicos (no para préstamo) | Procesos Técnicos | 19/02/2013 | Donación | 0.00 |